Biggest Cities in New Jersey in 1950 - Statistics

General Stats
  • This quiz has been taken 106 times
    74 since last reset
  • The average score is 13 of 20
Answer Stats
Population County Answer % Correct
299,017 Hudson Jersey City
96%
438,776 Essex Newark
96%
128,009 Mercer Trenton
91%
112,817 Union Elizabeth
89%
124,555 Camden Camden
87%
139,336 Passaic Paterson
85%
61,657 Atlantic Atlantic City
80%
50,676 Hudson Hoboken
78%
57,702 Passaic Passaic
69%
79,340 Essex East Orange
67%
77,203 Hudson Bayonne
64%
38,811 Middlesex New Brunswick
64%
64,511 Passaic Clifton
56%
55,537 Hudson Union City
56%
41,330 Middlesex Perth Amboy
55%
43,927 Essex Montclair
38%
59,201 Essex Irvington
35%
39,952 Hudson Kearny
35%
42,366 Union Plainfield
31%
49,307 Essex Bloomfield
27%
No matching quizzes found
Score Distribution
Percent of People with Each Score
Percentile by Number Answered
Your Score History
You have not taken this quiz since the last reset